[Event "GER-chT Lands U20"]
[Site "Hannover"]
[Date "2012.10.02"]
[Round "6.5"]
[White "Rogozenco, Teodora Nana"]
[Black "Janke, Hendrik"]
[Result "1/2-1/2"]
[WhiteElo "1678"]
[BlackElo "1722"]
[PlyCount "108"]
[EventDate "2012.09.29"]
[EventType "team-swiss"]
[EventRounds "7"]
[EventCountry "GER"]
[SourceTitle "CBM 150 Extra"]
[Source "ChessBase"]
[SourceDate "2012.10.19"]
[SourceVersion "1"]
[SourceVersionDate "2012.10.19"]
[SourceQuality "1"]
[WhiteTeam "Hamburg"]
[BlackTeam "Schleswig Holstein"]
[WhiteTeamCountry "GER"]
[BlackTeamCountry "GER"]

1. d4 d5 2. c4 e6 3. Nc3 Nf6 4. cxd5 exd5 5. Bf4 c6 6. e3 Bf5 7. Nge2 Nbd7 8. Ng3 Bg6 9. h4 h6 10. h5 Bh7 11. Bd3 Qb6 12. Rb1 0-0-0 13. Bxh7 Nxh7 14. Qa4 Ng5 15. Nf5 Ne6 16. Nxd5 cxd5 17. Rc1+ Ndc5 18. dxc5 Qc6 19. Qxc6+ bxc6 20. Bd6 Kd7 21. Rh4 Bxd6 22. Nxd6 Nxc5 23. Nxf7 Nd3+ 24. Kd2 Nxc1 25. Kxc1 Rhf8 26. Nxd8 Kxd8 27. f3 Kc7 28. Rg4 Rf7 29. Kd2 Kb6 30. Kc3 Kc5 31. b4+ Kb5 32. Rg6 Re7 33. Kd4 Rc7 34. a3 a5 35. bxa5 c5+ 36. Kxd5 c4 37. a6 c3 38. a7 Rxa7 39. a4+ Kxa4 40. Rc6 Kb3 41. Kd6 Rf7 42. Rc8 Rf6+ 43. Kd7 c2 44. e4 Rf4 45. Kd6 Rf8 46. Rc7 Rd8+ 47. Ke7 Rd2 48. e5 Re2 49. e6 Rxg2 50. Kd7 Rd2+ 51. Kc8 Re2 52. Kd7 Rd2+ 53. Kc8 Re2 54. Kd7 Rd2+ 1/2-1/2

[Event "GER-chT Lands U20"]
[Site "Hannover"]
[Date "2012.09.29"]
[Round "1.6"]
[White "Schwarz, Larissa"]
[Black "Janke, Hendrik"]
[Result "0-1"]
[WhiteElo "1872"]
[BlackElo "1722"]
[PlyCount "62"]
[EventDate "2012.09.29"]
[EventType "team-swiss"]
[EventRounds "7"]
[EventCountry "GER"]
[SourceTitle "CBM 150 Extra"]
[Source "ChessBase"]
[SourceDate "2012.10.19"]
[SourceVersion "1"]
[SourceVersionDate "2012.10.19"]
[SourceQuality "1"]
[WhiteTeam "Rheinland Pfalz"]
[BlackTeam "Schleswig Holstein"]
[WhiteTeamCountry "GER"]
[BlackTeamCountry "GER"]

1. e4 e5 2. Nf3 Nc6 3. Bb5 a6 4. Ba4 b5 5. Bb3 d6 6. 0-0 Bg4 7. d3 Be7 8. c3 Nf6 9. Re1 Qd7 10. Nbd2 0-0 11. Nf1 Rab8 12. Ne3 Be6 13. Nd5 h6 14. d4 Bg4 15. Nxe7+ Qxe7 16. Be3 Na5 17. Bc2 Nc4 18. Bc1 c5 19. d5 Nd7 20. b3 Ncb6 21. Be3 f5 22. h3 Bxf3 23. Qxf3 fxe4 24. Qxe4 Nf6 25. Qg6 Qf7 26. Qg3 Nbxd5 27. Bxh6 Nh5 28. Qd3 gxh6 29. Re4 Qxf2+ 30. Kh2 Ndf4 31. Rxf4 Qxf4+ 0-1

[Event "GER-ch Net qual3 U14"]
[Site "Playchess.com INT"]
[Date "2012.09.08"]
[Round "5"]
[White "Janke, Hendrik"]
[Black "Everett, Elijah David"]
[Result "0-1"]
[WhiteElo "1547"]
[BlackElo "1459"]
[PlyCount "84"]
[EventDate "2012.09.08"]
[EventType "swiss (blitz)"]
[EventRounds "7"]
[EventCountry "GER"]
[SourceTitle "CBM 150 Extra"]
[Source "ChessBase"]
[SourceDate "2012.10.19"]
[SourceVersion "1"]
[SourceVersionDate "2012.10.19"]
[SourceQuality "1"]

1. e4 c5 2. Nc3 Nc6 3. g3 g6 4. Bg2 Bg7 5. d3 Nf6 6. Be3 d6 7. h3 0-0 8. Qd2 Re8 9. Bh6 Bh8 10. Nge2 Qb6 11. b3 Be6 12. f4 Nd7 13. g4 f6 14. f5 Bf7 15. g5 Rac8 16. h4 Nde5 17. fxg6 Bxg6 18. Nd5 Qd8 19. h5 Bf7 20. g6 hxg6 21. hxg6 Bxg6 22. Bh3 Nf3+ 23. Kd1 Nxd2 24. Be6+ Bf7 25. Kxd2 Bxe6 26. Rag1+ Kf7 27. Bf4 Rg8 28. Rh7+ Rg7 29. Rgxg7+ Bxg7 30. Bh6 Qg8 31. Rxg7+ Qxg7 32. Bxg7 Bxd5 33. exd5 Ne5 34. Bh6 Rh8 35. Be3 Rh2 36. Kd1 Rh1+ 37. Kd2 Nf3+ 38. Kc3 Re1 39. Nd4 cxd4+ 40. Bxd4 Nxd4 41. Kxd4 Ra1 42. a4 Ra2 0-1

[Event "GER-ch Net qual1 U14"]
[Site "Playchess.com INT"]
[Date "2012.09.01"]
[Round "2"]
[White "Janke, Hendrik"]
[Black "Donchenko, Alexander"]
[Result "0-1"]
[WhiteElo "1570"]
[BlackElo "2423"]
[PlyCount "58"]
[EventDate "2012.09.01"]
[EventType "swiss (blitz)"]
[EventRounds "7"]
[EventCountry "GER"]
[SourceTitle "CBM 150 Extra"]
[Source "ChessBase"]
[SourceDate "2012.10.19"]
[SourceVersion "1"]
[SourceVersionDate "2012.10.19"]
[SourceQuality "1"]

1. e4 d6 2. d4 Nf6 3. Nc3 g6 4. g3 Bg7 5. f4 c5 6. dxc5 Qa5 7. Be3 Nxe4 8. Bd2 Nxc3 9. Bxc3 Bxc3+ 10. bxc3 Qxc3+ 11. Kf2 Qxc5+ 12. Kg2 Nc6 13. Nf3 0-0 14. Bd3 Bg4 15. h3 Bxf3+ 16. Qxf3 e5 17. h4 d5 18. fxe5 Nxe5 19. Qf6 Nxd3 20. cxd3 Rfe8 21. Kh3 Qc8+ 22. Kh2 Re2+ 23. Kg1 Qc5+ 24. Kf1 Rae8 25. h5 Qe7 26. Qc3 Qe3 27. Qf6 Qxg3 28. Rg1 Re1+ 29. Rxe1 Rxe1# 0-1

[Event "GER-ch Net qual1 U14"]
[Site "Playchess.com INT"]
[Date "2012.09.01"]
[Round "5"]
[White "Janke, Hendrik"]
[Black "Wastian, Mareike"]
[Result "1/2-1/2"]
[WhiteElo "1570"]
[BlackElo "1485"]
[PlyCount "118"]
[EventDate "2012.09.01"]
[EventType "swiss (blitz)"]
[EventRounds "7"]
[EventCountry "GER"]
[SourceTitle "CBM 150 Extra"]
[Source "ChessBase"]
[SourceDate "2012.10.19"]
[SourceVersion "1"]
[SourceVersionDate "2012.10.19"]
[SourceQuality "1"]

1. e4 c6 2. d4 d5 3. exd5 cxd5 4. c3 Nf6 5. Bd3 Qc7 6. Be3 Nc6 7. Nd2 Bg4 8. Ngf3 e6 9. h3 Bh5 10. Qc2 Be7 11. 0-0 0-0 12. Bg5 Rfc8 13. Bxf6 Bxf6 14. Bxh7+ Kf8 15. g4 Bg6 16. Bxg6 fxg6 17. Qxg6 Kg8 18. g5 Be7 19. h4 Qd6 20. h5 e5 21. Nxe5 Nxe5 22. Qxd6 Bxd6 23. dxe5 Bxe5 24. f4 Bc7 25. Nb3 Rf8 26. f5 Rae8 27. Nd4 Bb6 28. Rad1 Re5 29. Kg2 Bxd4 30. Rxd4 Rexf5 31. Rxf5 Rxf5 32. Rg4 Kf7 33. Kg3 a6 34. a4 a5 35. Rf4 Ke6 36. Kg4 Re5 37. g6 Re2 38. b4 Rg2+ 39. Kh3 Rc2 40. bxa5 Rxc3+ 41. Kg4 Rc6 42. Rf7 Rc4+ 43. Kg3 d4 44. Rxg7 d3 45. Rg8 Rd4 46. Rf8 d2 47. g7 Rd3+ 48. Kf2 d1Q 49. g8Q+ Kd6 50. Rd8+ Kc5 51. Qf8+ Kc4 52. Qf7+ Kc3 53. Rc8+ Kb2 54. Qxb7+ Ka1 55. Qg7+ Ka2 56. Qf7+ Ka1 57. Qf6+ Ka2 58. Qe6+ Ka1 59. Qe5+ Ka2 1/2-1/2

[Event "GER-ch Net qual1 U14"]
[Site "Playchess.com INT"]
[Date "2012.09.01"]
[Round "6"]
[White "Zimmermann, Felix"]
[Black "Janke, Hendrik"]
[Result "0-1"]
[WhiteElo "1299"]
[BlackElo "1570"]
[PlyCount "71"]
[EventDate "2012.09.01"]
[EventType "swiss (blitz)"]
[EventRounds "7"]
[EventCountry "GER"]
[SourceTitle "CBM 150 Extra"]
[Source "ChessBase"]
[SourceDate "2012.10.19"]
[SourceVersion "1"]
[SourceVersionDate "2012.10.19"]
[SourceQuality "1"]

1. d4 d5 2. c4 e6 3. Nc3 Nf6 4. Nf3 Be7 5. Bg5 c6 6. e3 Nbd7 7. Rc1 0-0 8. cxd5 exd5 9. Bd3 Nb6 10. 0-0 Bg4 11. h3 Bh5 12. Be2 h6 13. Bh4 Re8 14. Ne5 Bxe2 15. Qxe2 Nfd7 16. Nxd7 Qxd7 17. Bxe7 Qxe7 18. Rfe1 Qf6 19. Qf3 Qxf3 20. gxf3 Nc4 21. b3 Nd6 22. e4 dxe4 23. Nxe4 Nb5 24. Red1 Rad8 25. a4 Nxd4 26. Rc4 Nxf3+ 27. Kg2 Rxd1 28. Kxf3 Rd3+ 29. Kf4 Rxb3 30. Nd6 Re2 31. Rd4 Rxf2+ 32. Kg4 Rg2+ 33. Kf4 Rxh3 34. Nf5 Rf2+ 35. Ke5 Rh5 36. Rf4 0-1

[Event "GER-ch U14"]
[Site "Oberhof"]
[Date "2012.05.31"]
[Round "7"]
[White "Janke, Hendrik"]
[Black "Herzum, Peter"]
[Result "1/2-1/2"]
[WhiteElo "1663"]
[BlackElo "1869"]
[PlyCount "78"]
[EventDate "2012.05.27"]
[EventType "swiss"]
[EventRounds "9"]
[EventCountry "GER"]
[SourceTitle "CBM 148 Extra"]
[Source "ChessBase"]
[SourceDate "2012.06.22"]
[SourceVersion "1"]
[SourceVersionDate "2012.06.22"]
[SourceQuality "1"]

1. e4 c5 2. Nc3 Nc6 3. g3 g6 4. Bg2 Bg7 5. d3 d6 6. Be3 e6 7. Nge2 Nd4 8. Qd2 Rb8 9. Nd1 Ne7 10. c3 Nxe2 11. Qxe2 0-0 12. h4 b5 13. h5 b4 14. hxg6 fxg6 15. Qd2 Qa5 16. Bh6 bxc3 17. bxc3 Rf7 18. Bxg7 Rxg7 19. Kf1 d5 20. Qf4 Qb5 21. Kg1 Rf7 22. Qe5 Nc6 23. Qd6 d4 24. e5 Rb6 25. a4 Qa5 26. Bxc6 Bd7 27. Qxd7 Rxd7 28. Bxd7 Qa6 29. c4 Rb3 30. Rh4 Rxd3 31. Rf4 Qxc4 32. Bb5 Qc2 33. Bxd3 Qxd3 34. Rc1 Qd2 35. Rb1 Qc2 36. Rb8+ Kg7 37. Nb2 d3 38. Rbf8 Qxb2 39. R8f7+ Kg8 1/2-1/2

[Event "GER-ch U14"]
[Site "Oberhof"]
[Date "2012.05.27"]
[Round "2"]
[White "Perske, Thore"]
[Black "Janke, Hendrik"]
[Result "1-0"]
[WhiteElo "2082"]
[BlackElo "1663"]
[PlyCount "77"]
[EventDate "2012.05.27"]
[EventType "swiss"]
[EventRounds "9"]
[EventCountry "GER"]
[SourceTitle "CBM 148 Extra"]
[Source "ChessBase"]
[SourceDate "2012.06.22"]
[SourceVersion "1"]
[SourceVersionDate "2012.06.22"]
[SourceQuality "1"]

1. e4 Nf6 2. e5 Nd5 3. d4 d6 4. c4 Nb6 5. exd6 cxd6 6. Nc3 g6 7. Bd3 Bg7 8. Nge2 0-0 9. 0-0 e5 10. Be3 Nc6 11. d5 Ne7 12. b3 f5 13. f4 a6 14. Qd2 e4 15. Bc2 Bd7 16. Rfd1 Rc8 17. Bd4 Na8 18. Bxg7 Kxg7 19. Nd4 Qb6 20. Kh1 Nc7 21. Rac1 Kf7 22. Nce2 Ng8 23. b4 Nf6 24. Bb3 e3 25. Qxe3 Qxb4 26. c5 Rfe8 27. Qf3 dxc5 28. d6+ Ne6 29. Nxe6 Bxe6 30. d7 Nxd7 31. Rxd7+ Re7 32. Bxe6+ Kxe6 33. Qd5+ Kf6 34. Rxe7 Kxe7 35. Qe5+ Kf7 36. Rd1 Qa4 37. Nc3 Qe8 38. Qd5+ Kf8 39. Qxb7 1-0

[Event "GER-ch Net final U14"]
[Site "Playchess.com INT"]
[Date "2011.05.18"]
[Round "6"]
[White "Mager, Denis"]
[Black "Janke, Hendrik"]
[Result "0-1"]
[WhiteElo "1813"]
[BlackElo "1620"]
[PlyCount "82"]
[EventDate "2011.05.18"]
[EventType "swiss (blitz)"]
[EventRounds "9"]
[EventCountry "GER"]
[SourceTitle "CBM 142 Extra"]
[Source "ChessBase"]
[SourceDate "2011.06.27"]
[SourceVersion "1"]
[SourceVersionDate "2011.06.27"]
[SourceQuality "1"]

1. d4 d5 2. c4 c5 3. e3 cxd4 4. exd4 dxc4 5. Bxc4 Nc6 6. Nf3 e6 7. Nc3 Bb4 8. a3 Ba5 9. 0-0 Nf6 10. Be3 0-0 11. b4 Bb6 12. b5 Na5 13. Bd3 Bd7 14. Na4 Bc7 15. Nc5 b6 16. Nxd7 Qxd7 17. Rc1 Rac8 18. Ne5 Bxe5 19. dxe5 Nd5 20. Qd2 Nb3 21. Qe2 Nxc1 22. Bxc1 Nc3 23. Qf3 Qd5 24. Qh3 h6 25. Bxh6 gxh6 26. f4 Ne4 27. Qf3 Qd4+ 28. Kh1 Rc3 29. Qg4+ Kh8 30. Bxe4 Qxe4 31. Qh4 Qg6 32. g4 Rc2 33. f5 exf5 34. Rxf5 Rc1+ 35. Kg2 Rfc8 36. Kg3 R1c2 37. Kf4 R8c4+ 38. Ke3 Kh7 39. h3 Qxf5 40. gxf5 Rxh4 41. Kf3 Rxh3+ 0-1

[Event "GER-ch Net qual1 U14"]
[Site "Playchess.com INT"]
[Date "2011.05.01"]
[Round "4"]
[White "Bach, Jannik"]
[Black "Janke, Hendrik"]
[Result "0-1"]
[WhiteElo "1772"]
[BlackElo "1466"]
[PlyCount "164"]
[EventDate "2011.05.01"]
[EventType "swiss (blitz)"]
[EventRounds "7"]
[EventCountry "GER"]
[SourceTitle "CBM 142 Extra"]
[Source "ChessBase"]
[SourceDate "2011.06.27"]
[SourceVersion "1"]
[SourceVersionDate "2011.06.27"]
[SourceQuality "1"]

1. e4 Nf6 2. e5 Nd5 3. d4 d6 4. exd6 cxd6 5. Bc4 Nb6 6. Bb3 Nc6 7. c3 Bf5 8. Bf4 e6 9. Nd2 d5 10. Ngf3 Be7 11. 0-0 0-0 12. Re1 Re8 13. Ne5 Rc8 14. h3 Nxe5 15. Bxe5 Bf6 16. Nf3 Nd7 17. Bxf6 Nxf6 18. Ba4 Re7 19. Ne5 a6 20. Bb3 Nd7 21. Qe2 Qc7 22. Nxd7 Qxd7 23. Qe5 Bg6 24. Qe3 Qb5 25. Qg5 Ree8 26. Qd2 a5 27. Re3 a4 28. Bd1 Rc6 29. Be2 Qb6 30. Re1 Rc7 31. Bd1 Ra8 32. a3 h6 33. g3 Be4 34. Kh2 Qd6 35. f3 Bg6 36. Bc2 Bxc2 37. Qxc2 h5 38. f4 h4 39. Re5 hxg3+ 40. Kxg3 f6 41. Rxe6 Qd7 42. Qe2 Rc4 43. Re8+ Rxe8 44. Qxe8+ Qxe8 45. Rxe8+ Kf7 46. Rb8 Rc7 47. Ra8 Re7 48. Rxa4 Re3+ 49. Kf2 Rxh3 50. Rb4 Rh4 51. Kg3 Rh1 52. Rxb7+ Kg8 53. a4 Rg1+ 54. Kf3 Rf1+ 55. Ke3 Re1+ 56. Kf2 Ra1 57. Ra7 Ra2 58. Rb7 Rxa4 59. Rb5 Ra2 60. Kf3 Kf7 61. Kg4 Ke6 62. Rb6+ Ke7 63. Kf5 Ra7 64. Kg6 Kd8 65. Rb5 Rd7 66. f5 Kc7 67. Rc5+ Kb6 68. b4 Re7 69. Rxd5 Kc6 70. Rc5+ Kb6 71. d5 Ra7 72. Rc6+ Kb5 73. Rc5+ Kb6 74. Ra5 Rd7 75. c4 Kb7 76. Rc5 Kb6 77. Rc7 Kxc7 78. b5 Kb6 79. Kh7 Kc5 80. Kg6 Kxc4 81. b6 Kxd5 82. b7 Rxb7 0-1